LEADER 01276cam2-2200397---450 001 990001976840203316 005 20170426093058.0 035 $a000197684 035 $aUSA01000197684 035 $a(ALEPH)000197684USA01 035 $a000197684 100 $a20040902d1954----km-y0itay5003----ba 101 0 $aita 102 $aIT 105 $aa|||||||001yy 200 1 $aLombardia$e(eccetto Milano e laghi)$fTouring club italiano 205 $a7. ed 210 $aMilano$cTouring club italiano$d1954 215 $a605 p., [19] carte geografiche di cui 8 ripiegate$cill.$d16 cm 225 2 $aGuida d'Italia del Touring club italiano$v3 300 $aPresentazione di Cesare Chiodi 300 $aEdizione di 15000 esemplari 410 0$1001996222541303316$12001$aGuida d'Italia$v, 3 607 $aLombardia$xGuide$2BNCF 676 $a914.5204925 702 1$aCHIODI,$bCesare$f<1885-1969> 710 02$aTouring club italiano$05623 801 0$aIT$bsalbc$gISBD 912 $a990001976840203316 951 $aIII.1. Coll. 11/ 3a(I C Coll. 1/3 bis)$b16376 L.M.$cIII.1. Coll.$d396746 959 $aBK 969 $aUMA 979 $aSIAV8$b10$c20040902$lUSA01$h1558 979 $aCOPAT2$b90$c20050301$lUSA01$h1329 996 $aLombardia$9148875 997 $aUNISA LEADER 02105oam 2200517 450 001 9910712044803321 005 20190405104657.0 035 $a(CKB)5470000002489655 035 $a(OCoLC)971459670 035 $a(EXLCZ)995470000002489655 100 $a20170204d1982 ua 0 101 0 $aeng 135 $aur||||||||||| 181 $ctxt$2rdacontent 182 $cc$2rdamedia 183 $acr$2rdacarrier 200 10$aWhales, dolphins, and porpoises of the eastern North Pacific and adjacent Arctic waters $ea guide to their identification /$fStephen Leatherwood, Randall R. Reeves, William F. Perrin, and William E. Evans ; with Appendix A on tagging by Larry Hobbs 210 1$a[Seattle, Wash.] :$cU.S. Department of Commerce, National Oceanic and Atmospheric Administration, National Marine Fisheries Service,$d1982. 215 $a1 online resource (v, 245 pages) $cillustrations, maps 225 1 $aNOAA technical report NMFS circular ;$v444 300 $a"July 1982." 320 $aIncludes bibliographical references (pages 214-215). 517 $aWhales, dolphins, and porpoises of the eastern North Pacific and adjacent Arctic waters 606 $aCetacea$zNorth Pacific Ocean$xIdentification$vHandbooks, manuals, etc 606 $aCetacea$zArctic Ocean$xIdentification$vHandbooks, manuals, etc 607 $aArctic Ocean$2fast 607 $aNorth Pacific Ocean$2fast 608 $aHandbooks and manuals.$2fast 608 $aHandbooks and manuals.$2lcgft 615 0$aCetacea$xIdentification 615 0$aCetacea$xIdentification 700 $aLeatherwood$b Stephen$0738844 702 $aReeves$b Randall R. 702 $aPerrin$b William F. 702 $aEvans$b William E. 702 $aHobbs$b Larry J. 712 02$aUnited States.$bNational Marine Fisheries Service, 801 0$bOCLCE 801 1$bOCLCE 801 2$bOCLCQ 801 2$bOCL 801 2$bGPO 906 $aBOOK 912 $a9910712044803321 996 $aWhales, dolphins, and porpoises of the eastern North Pacific and adjacent Arctic waters$93543922 997 $aUNINA